000 00426nam a2200193Ia 4500
005 20240823024328.0
008 240823s9999||||xx |||||||||||||| ||und||
020 _a978-81-7992-813-4
041 _aENGLISH
082 _A158.12 P9
100 _aEknath Easwaran
245 0 _aMeditation
250 _a1st
260 _c2009
_bJaico
500 _aYES
650 _aMeditation
_bGeneral
942 _cBK
999 _c183663
_d183663